00782nam a2200169 a 450000500170000000800410001704000250005804100080008304400070009111000580009824501820015626000660033830000190040471000620042371000790048571000480056420180322154436.0140314b2004 ck ||||| |||| 00| 0 spa d aCO-BoIAVHcCO-BoIAVH aspa ack2 bColombia. aDepartamento Nacional de Planeación DNP10aLineamientos para promover la participación privada en la prestación de servicios ecoturísticos en el Sistema de Parques Nacionales Naturales - SPNNbDocumento Conpes 3296 aBogotá: bDepartamento Nacional de Planeación DNP, c2004 a22 páginas, 1 aMinisterio de Ambiente, Vivienda y Desarrollo Territorial1 aUnidad Administrativa Especial del Sistema de Parques Nacionales Naturales1 aMinisterio de Comercio, Industria y Turismo